A PRACTICAL GUIDE TO IMPLANT DENTISTRY (Record no. 4470)

MARC details
000 -LEADER
fixed length control field 00375nam a2200145Ia 4500
008 - FIXED-LENGTH DATA ELEMENTS--GENERAL INFORMATION
fixed length control field 150201s2010 xx 000 0 und d
082 ## - DEWEY DECIMAL CLASSIFICATION NUMBER
Classification number 617.6
Item number P2010L
100 ## - MAIN ENTRY--PERSONAL NAME
Personal name LANKA, MAHESH
245 #2 - TITLE STATEMENT
Title A PRACTICAL GUIDE TO IMPLANT DENTISTRY
250 ## - EDITION STATEMENT
Edition statement 1ST
260 ## - PUBLICATION, DISTRIBUTION, ETC. (IMPRINT)
Name of publisher, distributor, etc. QUINTESSENCE PUBLICATION
Place of publication, distribution, etc. CHICAGO
Date of publication, distribution, etc. 2010
300 ## - PHYSICAL DESCRIPTION
Extent 1-240
650 ## - SUBJECT ADDED ENTRY--TOPICAL TERM
Topical term or geographic name as entry element IMPLANTOLOGY
942 ## - ADDED ENTRY ELEMENTS (KOHA)
Source of classification or shelving scheme Dewey Decimal Classification
Koha item type Books
Koha issues (borrowed), all copies 2
Holdings
Withdrawn status Lost status Source of classification or shelving scheme Damaged status Not for loan Home library Current library Date acquired Source of acquisition Cost, normal purchase price Serial Enumeration / chronology SGTU Bill Number Total Checkouts Full call number Barcode Date last seen Bill Date Koha item type Date last checked out
    Dewey Decimal Classification     SGT Dental Library SGT Dental Library 28/10/2010 PASSI PUBLICATION 695.00 1 SGTU QB/245/2010   617.6 P2010L FD6061 09/02/2015 22/03/2013 Books  
    Dewey Decimal Classification     SGT Dental Library SGT Dental Library 28/10/2010 PASSI PUBLICATION 695.00 1 SGTU QB/245/2010 1 617.6 P2010L FD6062 25/01/2024 22/03/2013 Books 24/01/2024
    Dewey Decimal Classification     SGT Dental Library SGT Dental Library 28/10/2010 PASSI PUBLICATION 695.00 1 SGTU QB/245/2010 1 617.6 P2010L FD6063 27/01/2025 22/03/2013 Books 27/01/2025